[Event "Under 1700 Thematical English"]
[Site "SchemingMind.com"]
[Date "2009.11.26"]
[Round "-"]
[White "Schaakmaatje"]
[Black "Shanks"]
[Result "1-0"]
[WhiteCountry "NED"]
[BlackCountry "ENG"]
[WhiteElo "1715"]
[WhiteRD "50"]
[BlackElo "1426"]
[BlackRD "72"]
[GameID "227690"]

1. c4 Nf6 2. Nc3 d6 3. g3 a6 4. Bg2 g6 5. d4 Nbd7 6. Nf3 Bg7 7. O-O O-O 8. e4 e5 9. Be3 exd4 10. Nxd4 Ne5
11. Qe2 c5 12. Nc2 b6 13. Nd5 Nxd5 14. cxd5 Ng4 15. Bc1 a5 16. h3 Ne5 17. f4 Nd7 18. Ne3 Ba6 19. Nc4 Nb8 20. Re1 b5
21. Nd2 Bd4+ 22. Kh2 b4 23. Nc4 Bg7 24. Rb1 a4 25. b3 axb3 26. axb3 Kh8 27. e5 dxe5 28. fxe5 Ra7 29. Qe4 Nd7 30. Bf4 Bb7
31. Nd6 Ba6 32. h4 f5 33. exf6 Nxf6 34. Qe6 Nh5 35. Bg5
1-0

[Event "Under 1700 Thematical English"]
[Site "SchemingMind.com"]
[Date "2009.11.26"]
[Round "-"]
[White "MOIMOI"]
[Black "Shanks"]
[Result "1-0"]
[WhiteCountry "POL"]
[BlackCountry "ENG"]
[WhiteElo "1597"]
[WhiteRD "54"]
[BlackElo "1434"]
[BlackRD "69"]
[GameID "227691"]

1. c4 Nf6 2. Nc3 d6 3. d4 a6 4. e4 Nbd7 5. Nf3 h6 6. Bd3 e6 7. b4 Be7 8. e5 dxe5 9. dxe5 Ng8 10. a3 Nf8
11. O-O c6 12. Ne4 Bd7 13. Nd6+ Bxd6 14. exd6 Nf6 15. a4 Ng6 16. Bxg6 fxg6 17. Ne5 g5 18. Qc2 O-O 19. Ng6 Rf7 20. Bb2 b5
21. c5 bxa4 22. Rxa4 a5 23. Rfa1 Nd5 24. bxa5 Nf4 25. Ne7+ Kh8 26. h4 gxh4 27. Rxf4 Rxf4 28. Ng6+ Kg8 29. Ne7+ Kh8 30. Ng6+ Kg8
31. Nxf4 Qg5 32. Ng6 h3 33. Ne7+ Kf7 34. g3 h2+ 35. Kxh2 Qh5+ 36. Kg1 Qg4 37. Ra4 Qh5 38. Qh7 Qg5 39. Rf4+ Qxf4 40. gxf4 Rxa5
41. Qg8#
1-0